Warum die öffentlichen Bildungsausgaben in Deutschland relativ niedrig und die privaten vergleichsweise hoch sind: Befunde des OECD-Länder-Vergleichs

Saved in:
Bibliographic Details
Main Author: Schmidt, Manfred G. (Author)
Format: Chapter/Article
Language:German
Published: 2005
In: Bildung und soziale Ungleichheit
Year: 2005, Pages: 105-120
Online Access: Get full text
Author Notes:Manfred G. Schmidt

MARC

LEADER 00000caa a22000002c 4500
001 1429416742
003 DE-627
005 20220810114811.0
007 tu
008 120222s2005 xx ||||| 00| ||ger c
035 |a (DE-627)1429416742 
035 |a (DE-576)359416748 
035 |a (DE-599)BSZ359416748 
035 |a (OCoLC)1340407427 
040 |a DE-627  |b ger  |c DE-627  |e rakwb 
041 |a ger 
084 |a 16  |2 sdnb 
100 1 |a Schmidt, Manfred G.  |d 1948-  |0 (DE-588)129572055  |0 (DE-627)472725130  |0 (DE-576)297728067  |4 aut 
245 1 0 |a Warum die öffentlichen Bildungsausgaben in Deutschland relativ niedrig und die privaten vergleichsweise hoch sind  |b Befunde des OECD-Länder-Vergleichs  |c Manfred G. Schmidt 
264 1 |c 2005 
300 |a 16 
336 |a Text  |b txt  |2 rdacontent 
337 |a ohne Hilfsmittel zu benutzen  |b n  |2 rdamedia 
338 |a Band  |b nc  |2 rdacarrier 
773 0 8 |i In  |t Bildung und soziale Ungleichheit  |d Bonn : Informationszentrum Sozialwissenschaften, 2005  |g (2005), Seite 105-120  |h 140 S  |w (DE-627)1617599085  |w (DE-576)11743597X  |z 3820601473  |7 nnam  |a Warum die öffentlichen Bildungsausgaben in Deutschland relativ niedrig und die privaten vergleichsweise hoch sind Befunde des OECD-Länder-Vergleichs 
773 1 8 |g year:2005  |g pages:105-120  |g extent:16  |a Warum die öffentlichen Bildungsausgaben in Deutschland relativ niedrig und die privaten vergleichsweise hoch sind Befunde des OECD-Länder-Vergleichs 
951 |a AR 
992 |a 20120222 
993 |a BookComponentPart 
994 |a 2005 
998 |g 129572055  |a Schmidt, Manfred G.  |m 129572055:Schmidt, Manfred G.  |d 180000  |d 180500  |e 180000PS129572055  |e 180500PS129572055  |k 0/180000/  |k 1/180000/180500/  |p 1  |x j  |y j 
999 |a KXP-PPN1429416742  |e 2704804672 
BIB |a Y 
JSO |a {"name":{"displayForm":["Manfred G. Schmidt"]},"relHost":[{"person":[{"display":"Engel, Uwe","family":"Engel","role":"oth","given":"Uwe"}],"physDesc":[{"noteIll":"graph. Darst.","extent":"140 S"}],"id":{"isbn":["3820601473"],"eki":["1617599085"]},"type":{"bibl":"edited-book"},"title":[{"title_sort":"Bildung und soziale Ungleichheit","subtitle":"methodologische und strukturelle Analysen","title":"Bildung und soziale Ungleichheit"}],"recId":"1617599085","relMultPart":[{"dispAlt":"Informationszentrum Sozialwissenschaften: Tagungsberichte","disp":"Tagungsberichte","origin":[{"dateIssuedDisp":"2004-","publisherPlace":"Bonn","publisher":"IZ Sozialwiss.","dateIssuedKey":"2004"}],"part":{"number":["9"],"number_sort":["9"]},"titleAlt":[{"title":"Tagungsbericht"}],"recId":"484887386","corporate":[{"display":"Informationszentrum Sozialwissenschaften","role":"aut"}],"title":[{"title":"Tagungsberichte / Informationszentrum Sozialwissenschaften (IZ) der Arbeitsgemeinschaft Sozialwissenschaftlicher Institute e.V. (ASI), Bonn","title_sort":"Tagungsberichte / Informationszentrum Sozialwissenschaften (IZ) der Arbeitsgemeinschaft Sozialwissenschaftlicher Institute e.V. (ASI), Bonn"}],"type":{"bibl":"serial"},"pubHistory":["8.2004 -"],"id":{"eki":["484887386"],"issn":["0934-5469"],"zdb":["2186409-3"]},"physDesc":[{"noteFormat":"21 cm"}]}],"name":{"displayForm":["Uwe Engel"]},"language":["ger"],"part":{"year":"2005","extent":"16","text":"(2005), Seite 105-120","pages":"105-120"},"origin":[{"dateIssuedKey":"2005","publisher":"Informationszentrum Sozialwissenschaften","publisherPlace":"Bonn","dateIssuedDisp":"2005"}],"disp":"Warum die öffentlichen Bildungsausgaben in Deutschland relativ niedrig und die privaten vergleichsweise hoch sind Befunde des OECD-Länder-VergleichsBildung und soziale Ungleichheit"}],"language":["ger"],"id":{"eki":["1429416742"]},"physDesc":[{"extent":"16 S."}],"person":[{"given":"Manfred G.","role":"aut","display":"Schmidt, Manfred G.","family":"Schmidt"}],"recId":"1429416742","title":[{"title":"Warum die öffentlichen Bildungsausgaben in Deutschland relativ niedrig und die privaten vergleichsweise hoch sind","title_sort":"Warum die öffentlichen Bildungsausgaben in Deutschland relativ niedrig und die privaten vergleichsweise hoch sind","subtitle":"Befunde des OECD-Länder-Vergleichs"}],"type":{"bibl":"chapter"},"origin":[{"dateIssuedKey":"2005","dateIssuedDisp":"2005"}]} 
SRT |a SCHMIDTMANWARUMDIEOE2005